000
00246nam a2200097Ia 4500
008
190216s9999||||xx |||||||||||||| ||und||
100
_a
Raveendran T K
245
0
_a
Pre Degree Bouthika Preshnavali
260
_b
Kerala Bhasha Institute
942
_c
BK
999
_c
38744
_d
38744